Priority manažéra kvality a období finančnej a hospodárskej krízy

Nové priority manažmentu a na trhu z dôvodu novej situácie. Kontrola nákladov. Riziko nekvality. Reštrukturalizácia.

Uložené v:
Podrobná bibliografia
Hlavný autor: Šesták, Milan
Médium: Kapitola
Jazyk:Slovak
Predmet:
Tagy: Pridať tag
Žiadne tagy, Buďte prvý, kto otaguje tento záznam!

MARC

LEADER 00000naa$a2200000$$$4500
001 0094713
005 20231012070203.1
041 0 |a slo 
044 |a SK 
245 1 0 |a Priority manažéra kvality a období finančnej a hospodárskej krízy  |c Milan Šesták 
520 |a Nové priority manažmentu a na trhu z dôvodu novej situácie. Kontrola nákladov. Riziko nekvality. Reštrukturalizácia. 
610 2 0 |a manažéri 
610 2 0 |a kvalita 
610 2 0 |a kríza 
610 2 0 |a náklady 
610 2 0 |a reštrukturalizácia 
100 1 |a Šesták, Milan